The images of space / (Record no. 31319)

MARC details
000 -LEADER
fixed length control field 00932cam a22002891 4500
001 - CONTROL NUMBER
control field 7056600
003 - CONTROL NUMBER IDENTIFIER
control field BDDh-ASL
005 - DATE AND TIME OF LATEST TRANSACTION
control field 20231015031245.0
008 - FIXED-LENGTH DATA ELEMENTS--GENERAL INFORMATION
fixed length control field 750505s1965 xx 000 0 eng
010 ## - LIBRARY OF CONGRESS CONTROL NUMBER
LC control number 65023274
035 ## - SYSTEM CONTROL NUMBER
System control number (OCoLC)1311254
040 ## - CATALOGING SOURCE
Original cataloging agency DLC
Transcribing agency BDDh-ASL
Modifying agency DLC
041 ## - LANGUAGE CODE
Language code of text/sound track or separate title eng
042 ## - AUTHENTICATION CODE
Authentication code premarc
050 00 - LIBRARY OF CONGRESS CALL NUMBER
Classification number TL788.5
Item number .G6
082 ## - DEWEY DECIMAL CLASSIFICATION NUMBER
Classification number 327.14
Item number GOI
100 1# - MAIN ENTRY--PERSONAL NAME
Personal name Goodwin, Harold L.
Fuller form of name (Harold Leland),
Dates associated with a name 1914-
245 14 - TITLE STATEMENT
Title The images of space /
Statement of responsibility, etc. Coordinating editor: James V. Bernardo.
260 ## - PUBLICATION, DISTRIBUTION, ETC.
Place of publication, distribution, etc. New York :
Name of publisher, distributor, etc. Holt, Rinehart and Winston,
Date of publication, distribution, etc. 1965.
300 ## - PHYSICAL DESCRIPTION
Extent 189 p. :
Dimensions 21 cm.
440 #0 - SERIES STATEMENT/ADDED ENTRY--TITLE
Title Holt library of science
504 ## - BIBLIOGRAPHY, ETC. NOTE
Bibliography, etc. note Bibliographical references included in "Notes and comments" 'p. 179-184)
650 #0 - SUBJECT ADDED ENTRY--TOPICAL TERM
Topical term or geographic name entry element Astronautics and state
Geographic subdivision United States.
650 #0 - SUBJECT ADDED ENTRY--TOPICAL TERM
Topical term or geographic name entry element Astronautics and state
Geographic subdivision Soviet Union.
906 ## - LOCAL DATA ELEMENT F, LDF (RLIN)
a 7
b cbc
c oclcrpl
d u
e ncip
f 19
g y-gencatlg
942 ## - ADDED ENTRY ELEMENTS (KOHA)
Source of classification or shelving scheme Dewey Decimal Classification
Koha item type Books
Holdings
Withdrawn status Lost status Source of classification or shelving scheme Damaged status Not for loan Collection code Home library Current library Shelving location Date acquired Source of acquisition Total Checkouts Full call number Barcode Date last seen Copy number Price effective from Koha item type Public note
    Dewey Decimal Classification     Non-fiction Asiatic Society Library Asiatic Society Library General Stacks 03/25/2023 Donated by Prof. S. M. H. Kabir   327.14 GOI 119961 03/25/2023 C-1 03/25/2023 Books Y-1965

Powered by Koha